La nueva evangelización

-д хадгалсан:
Номзүйн дэлгэрэнгүй
Үндсэн зохиолч: Fisichella, Rino (Зохиогч)
Формат: Ном
Хэл сонгох:испани
Хэвлэсэн: Santander Sal Terrae 2012
Хэвлэл:1a. ed
Цуврал:Colección Presencia Teológica, 187
Нөхцлүүд:
Шошгууд: Шошго нэмэх
Шошго байхгүй, Энэхүү баримтыг шошголох эхний хүн болох!

MARC

LEADER 00000cam a2200000 a 4500
001 UCE1623
003 CL-VaPUC
008 140502e20120000sp |||||||||||||||||spa|d
020 |a 9788429320039 
082 0 4 |a 261  |b FIS  |2 21 
100 0 |a Fisichella, Rino  |e author  |9 573978 
245 1 3 |a La nueva evangelización 
250 |a 1a. ed 
300 |a 150 p 
942 |c BK 
945 |d 20140502 10:02:00  |a dcastane 
260 |a Santander  |b Sal Terrae  |c 2012 
650 0 |a Teología   |9 258766 
650 7 |a EVANGELIZACION  |2 CL-VaPUC  |9 573979 
650 0 |a Iglesia Católica  |9 256114 
583 |a last modification  |c 20140502 10:02:00  |k Rodrigo Vera 
490 0 |a Colección Presencia Teológica, 187 
999 |c 355363  |d 355361 
952 |0 0  |1 0  |3 erb  |4 0  |6 261_000000000000000_FIS_2012  |7 0  |8 A  |9 462059  |a BIBTEO  |b BIBTEO  |i 5074118  |o 261 FIS 2012  |p 5074118  |r 2025-01-17  |w 2019-11-23  |y BK  |z Catalogado en:20140502  |k ICR